000 00248nam a2200109Ia 4500
008 190216s9999||||xx |||||||||||||| ||und||
100 _aBabbni B B
245 0 _aModern Type Recording Handbook
260 _bBabani
650 _aPhysics
942 _cBK
999 _c33097
_d33097